000 00862cam a22001934a 4500
005 20250605164351.0
008 250528s ||||||||||||||||||||||||d
035 _a24112
040 _aGR-AtMCL
_bgre
_dGR-AtMCL
_eAACR2
245 1 _aUnravelling Psychology's Myths / Malcolm Macmillan Updates the Tales of Phineas Gage, 160 Years on Christian Jarret on Psychology's Foundations of Sand
260 _c2008
300 _a87
520 _aOracle of the Unconscious?, Adults with Asperger's Syndrome, Opinion - Time to Meet Our Match, What Makes a Good Lecturer, The Man who Frightens Small Children, Oracle of the Unconscious or Deceiver of the Unwitting?, A Childhood Disorder Grows Up, Time to Meet Our Match.
700 1 _aSutton Jon
_99351
942 _cCR
710 2 _aThe British Psychological Society
_99823
999 _c9011
_d9011